Projective geometry and the axiomatization of mathematics

Saved in:
Bibliographic Details
Main Author: Gray, Jeremy, 1947-
Corporate Author: Open University
Format: Book
Language:English
Published: Milton Keynes [England] : Open University Press, c1987.
Series:Mathematics/Arts an interfaculty second level course. Topics in the history of mathematics ; Unit 15
Subjects:
Tags: Add Tag
No Tags, Be the first to tag this record!

MARC

LEADER 00000cam a2200000 i 4500
001 1/84362
008 990623s1987 enk| ||| |||| ||eng||
020 |a 0335142591 
035 |l 10051590 
040 |a GR-MyUA  |b gre  |e AACR2 
041 0 |a eng 
082 0 |a 510.9 
100 1 |a Gray, Jeremy,   |d 1947- 
245 1 0 |a Projective geometry and the axiomatization of mathematics /   |c prepared by Jeremy Gray for the course team.  
246 1 |i Άλλες παραλλαγές του τίτλου:   |a Topics in nineteenth-century mathematics  
260 |a Milton Keynes [England] :   |b Open University Press,   |c c1987.  
300 |a 30 σ. :   |b εικ. ;   |c 29 εκ.  
490 1 |a (Mathematics/Arts an interfaculty second level course. Topics in the history of mathematics   |v ; Unit 15)  
500 |a Block 4: Topics in nineteenth-century mathematics.  
650 0 0 |a Mathematics  |x History. 
650 0 0 |a Mathematics  |x History  |x Study and teaching (Higher) 
650 0 0 |a Geometry  |x History. 
710 2 |a Open University. 
830 0 |a Mathematics/Arts an interfaculty second level course. Topics in the history of mathematics ;  |v  Unit 15 
852 |a INST  |b SAMOS  |e 19990623  |h 510.9 GRA  |p 005300015000  |q 005300015000  |t BK  |y 0 
901 |a BIBL3-2000-2 
909 |a Σ  |b 066022 
922 |a 3ΕΛΗ  |b 199904  |c ΤΜΗΜΑ ΜΑΘΗΜΑΤΙΚΩΝ  |d GLORY 
950 |a 116-1998-08-10 
970 |z 2000/05/ΜΠΡΑΤΤΗΣ